Manoel de Oliveira (Registo nº 202442)
[ vista simples ]
| 000 -Etiqueta de Registo | |
|---|---|
| Indicador do Registo | 00588nam 22001813 4500 |
| 100 ## - Dados Gerais de Processamento | |
| Dados gerais | 20250918d u||y0pory50 ba |
| 101 ## - Língua | |
| Língua de publicação | Português |
| 102 ## - País de publicação | |
| País | Portugal |
| 200 ## - Título e menção de responsabilidade | |
| Título próprio | Manoel de Oliveira |
| Primeira menção de responsabilidade | Almeida Faria |
| Sub-título | filmare la parola |
| 300 ## - Notas gerais | |
| Texto de nota | Separata em Literatura Portuguesa em Língua Italiana |
| 461 ## - Nível de conjunto | |
| Título | Estratto di «Estudos Italianos em Portugal» nº 51/52/53 -1988/89/90 |
| Número de parte ou secção (número/volume) | [73] - 86 p. |
| 606 ## - Nome Comum Usado como Assunto | |
| ID Autoridade | 3661 |
| Elemento de Entrada | Crítica Literária.Estudos Literários |
| 700 ## - Autor principal (pessoa individual) | |
| ID Autoridade | 1040 |
| Apelido | Faria |
| Nome | Almeida |
| Datas | 1943- |
| 801 ## - Fonte de origem | |
| País | PT |
| Agência | BMMN |
| Regras de catalogação | RPC |
| 090 ## - System Control Numbers (Koha) | |
| Koha biblioitem number (autogenerated) | 202442 |
| 990 ## - Elementos Koha | |
| Tipo de documento | Artigo |
| Biblioteca de origem | Biblioteca de Empréstimo | Código de Barras | Cota | Permissão de Empréstimo | Tipo de Documento | Nota relativa ao exemplar | Estado | Forma de Aquisição |
|---|---|---|---|---|---|---|---|---|
| Biblioteca Municipal de Montemor-o-Novo | Biblioteca Municipal de Montemor-o-Novo | 31931 | 82.09 FAR|SAF | Artigo | Acesso Condicionado | Oferta |